000 00598nam a22001937a 4500
008 150330b xxu||||| |||| 00| 0 eng d
020 _a9780071754989 (alk. paper)
041 0 _aeng
080 _a339.5
100 1 _aNorris, Jay
245 1 0 _aMastering trade selection and management :
_cby Jay Norris and Al Gaskill.
260 _aNew York :
_bMcGraw-Hill,
_c2011.
300 _a230 f.:
_bme il.;
_c24 cm.
505 _aIndex: f.215-230
650 0 _aAnaliza e investimeve
650 0 _aInvestimet
700 1 _aGaskill, Al.
942 _2udc
_cBK
999 _c631
_d631